Obscure Marvel Characters by Picture #2 - Statistics

General Stats
  • This quiz has been taken 68 times
  • The average score is 7 of 16
Answer Stats
Picture Answer % Correct
Hit-Monkey
85%
Reptil
75%
Doctor Bong
74%
Tiger Shark
70%
Sleepwalker
55%
Deathbird
53%
White Fox
45%
Husk
42%
Smasher
42%
Hornet
40%
Thor Girl
38%
Texas Twister
32%
Marina
30%
Steel Spider
25%
Comet Man
17%
Kamran
15%
No matching quizzes found
Score Distribution
Percent of People with Each Score
Percentile by Number Answered
Your Score History
You have not taken this quiz